000 00457nam a2200193Ia 4500
005 20240823015517.0
008 240823s9999||||xx |||||||||||||| ||und||
020 _a81-7684-223-0
041 _aENGLISH
082 _A621.381 P3
100 _aSanyam Agrawal
245 0 _aBasic Electronics
250 _a1st
260 _c2003
_b"Satya Prakashan,New "
500 _aTRANSFERED
650 _aElectronics
_bElectronics
942 _cBK
999 _c172586
_d172586